[Event "V Open RGCC 2019"]
[Site "Gijon"]
[Date "2019.07.28"]
[Round "9.1"]
[White "Manolache, Marius"]
[Black "Grigoryan, Karen H."]
[Result "1/2-1/2"]
[WhiteElo "2504"]
[BlackElo "2549"]
[Annotator "TA"]
[PlyCount "104"]
[EventDate "2019.07.22"]
[EventType "swiss"]
[EventCountry "ESP"]
[SourceTitle "playchess.com"]
[Source "ChessBase"]
[SourceQuality "1"]

{[%evp 9,104,6,14,6,14,14,31,19,29,0,0,0,1,-3,30,14,25,20,18,11,20,11,15,19,20,0,16,5,32,0,10,3,32,10,22,19,17,0,0,0,0,0,0,0,0,0,0,0,0,0,0,-32,0,-47,0,0,0,0,0,0,-7,-46,-58,-49,0,0,0,0,707,8,10,0,0,0,0,0,0,0,0,0,0,0,0,0,0,0,0,0,0,0,0,0,0,0,0,-303,-265]} 1. d4 Nf6 2. Nf3 g6 3. Bg5 Bg7 4. Nbd2 d6 5. e3 h6 6. Bh4 {A48: 1 d4 Nf6 2 Nf3 g6: Torre, London and Colle Systems} g5 7. Bg3 Nh5 8. Bd3 {White is slightly better.} e6 9. Ng1 $146 ({Predecessor:} 9. c3 Qe7 10. Ng1 Nxg3 11. hxg3 Nd7 12. Ne2 Nf6 13. Qb3 c5 14. dxc5 dxc5 {1-0 (52) Artemiev,V (2650)-Wen,Y (2598) Baku 2014}) 9... Nxg3 10. hxg3 c5 11. c3 b6 12. g4 Bb7 13. Ne4 Qc7 14. Ne2 Nd7 15. N2g3 d5 16. Nd2 Nf6 17. a4 a6 18. Qe2 Bf8 19. Nh5 Nxh5 20. Rxh5 Bg7 21. Rh3 c4 22. Bc2 b5 {[%cal Bb6b5,Bb5b4][%mdl 32]} 23. e4 {[#]} b4 $1 {[%mdl 512]} 24. exd5 (24. cxb4 Bxd4) 24... Bxd5 25. Be4 O-O 26. Kf1 Rab8 {[%cal Ba8b8,Bb8b2,Bb2a2][%mdl 32]} 27. Kg1 bxc3 28. bxc3 Rb2 {aiming for ...Bxe4.} 29. Bxd5 exd5 30. Rb1 Ra2 31. Re3 Qd7 (31... Bxd4 $5 32. cxd4 c3 $15) 32. a5 Qc7 33. Qe1 Qf4 34. Rb7 Qxg4 35. Nf3 Rxa5 36. Qb1 h5 37. Ne5 Bxe5 $1 38. Rxe5 Kg7 $2 {[%mdl 8192] [#]} (38... Rb5 $11 39. Rxb5 axb5) 39. Qc1 $2 (39. f3 $1 $18 {[%cal Rf3g4]} Qf4 40. Re6) 39... Kh6 $11 40. Rb6+ f6 41. Qb1 $1 {[#]} Rb5 $1 {[%cal Rb5b1]} 42. Rxb5 axb5 {[%mdl 4096] Endgame KQR-KQR} 43. Re7 {[%csl Gb1][%cal Re7h7]} Rh8 44. Qxb5 Ra8 {( -> ...Ra1+)} 45. Qb1 {[%csl Gb1][%cal Re7h7]} Rh8 46. Qb6 {[%cal Rb6f6]} Qf4 47. g3 $36 {[%mdl 2048] White has the initiative.} Qf3 {Strongly threatening ...h4.} 48. Re3 Qf5 $1 {And now ...h4 would win.} 49. Re5 $1 {[%cal Re5f5]} Qf3 {Threatens to win with ...Ra8.} 50. Re3 Qf5 $1 {Hoping for ...h4.} 51. Re5 $1 {[%cal Re5f5]} Qf3 {...Ra8 is the strong threat.} 52. Qe6 $2 {[%mdl 8192]} (52. Re3 $11 {and White is okay.} Qf5) 52... Ra8 {[%mdl 32768] Accuracy: White = 63%, Black = 62%. . An unexpected result.} 1/2-1/2

[Event "V Open RGCC 2019"]
[Site "Gijon"]
[Date "2019.07.28"]
[Round "9.2"]
[White "Vinuela Diaz, Saul"]
[Black "Gascon Del Nogal, Jose Rafael"]
[Result "0-1"]
[WhiteElo "2280"]
[BlackElo "2466"]
[Annotator "ChessBase"]
[PlyCount "78"]
[EventDate "2019.07.22"]
[EventType "swiss"]
[EventCountry "ESP"]
[SourceTitle "playchess.com"]
[Source "ChessBase"]
[SourceQuality "1"]
[TimeControl "5400+30"]

1. d4 Nf6 2. Bf4 g6 3. Nc3 Bg7 4. e4 d6 5. Qd2 Nc6 6. O-O-O O-O 7. f3 Re8 8. Bh6 e5 9. Bxg7 Kxg7 10. dxe5 dxe5 11. Qxd8 Nxd8 12. Bc4 c6 13. Nge2 a5 14. a4 Be6 15. Bxe6 Nxe6 16. b3 Kf8 17. Rd2 Red8 18. Rhd1 Rxd2 19. Rxd2 Ke7 20. Kb2 h5 21. Nd1 Ne8 22. Ne3 Nd6 23. Kc3 Nc5 24. Rd1 b6 25. Nc4 Nxc4 26. Kxc4 h4 27. Kc3 Rg8 28. Nc1 f5 29. Nd3 Rd8 30. exf5 gxf5 31. Nb2 Rg8 32. Rd2 e4 33. Nc4 h3 34. gxh3 exf3 35. Rd4 Ne4+ 36. Kd3 Rg2 37. Ne3 Rd2+ 38. Kc4 f2 39. Nxf5+ Ke6 0-1

[Event "V Open RGCC 2019"]
[Site "Gijon"]
[Date "2019.07.28"]
[Round "9.3"]
[White "Ortiz Suarez, Isan Reynaldo"]
[Black "Cruz, Cristhian"]
[Result "0-1"]
[WhiteElo "2533"]
[BlackElo "2562"]
[Annotator "ChessBase"]
[PlyCount "86"]
[EventDate "2019.07.22"]
[EventType "swiss"]
[EventCountry "ESP"]
[SourceTitle "playchess.com"]
[Source "ChessBase"]
[SourceQuality "1"]
[TimeControl "5400+30"]

1. Nf3 Nf6 2. c4 e6 3. g3 b6 4. Bg2 Bb7 5. d4 Be7 6. O-O O-O 7. d5 exd5 8. Nh4 c6 9. cxd5 cxd5 10. Nf5 Na6 11. Nc3 Nc7 12. Bf4 d6 13. Qa4 Re8 14. Qa3 Ne4 15. Rac1 Ne6 16. Bxe4 dxe4 17. Bxd6 Bg5 18. Rcd1 Qf6 19. Ne7+ Rxe7 20. Bxe7 Qxe7 21. Qxe7 Bxe7 22. Rd7 Bd8 23. Rfd1 Bc6 24. R7d6 Rc8 25. Nd5 Bxd5 26. R6xd5 Kf8 27. h4 Ke8 28. Kf1 g6 29. f3 e3 30. R5d3 Rc2 31. b3 Rxa2 32. Rxe3 a5 33. f4 Be7 34. Rf3 Nc5 35. g4 Rb2 36. f5 Rxb3 37. Rf4 a4 38. f6 a3 39. Kg2 a2 40. Ra1 Rb2 41. fxe7 Nb3 42. Rb4 Rxe2+ 43. Kf3 Nxa1 0-1

[Event "V Open RGCC 2019"]
[Site "Gijon"]
[Date "2019.07.28"]
[Round "9.4"]
[White "Martinez Duany, Lelys Stanley"]
[Black "Garcia Ramos, Daniel"]
[Result "1/2-1/2"]
[WhiteElo "2535"]
[BlackElo "2336"]
[Annotator "ChessBase"]
[PlyCount "83"]
[EventDate "2019.07.22"]
[EventType "swiss"]
[EventCountry "ESP"]
[SourceTitle "playchess.com"]
[Source "ChessBase"]
[SourceQuality "1"]
[TimeControl "5400+30"]

1. e4 e5 2. Nf3 Nc6 3. Bb5 g6 4. d4 exd4 5. Bg5 Be7 6. Bxe7 Qxe7 7. O-O Nf6 8. e5 Nd5 9. Re1 O-O 10. Nbd2 a6 11. Bxc6 dxc6 12. Nxd4 c5 13. Qf3 cxd4 14. Qxd5 Rd8 15. Qf3 Bf5 16. Rac1 b5 17. Qf4 c5 18. Nf3 Ra7 19. b4 Rad7 20. g4 Be6 21. bxc5 Qxc5 22. Ng5 Bd5 23. Qg3 h6 24. e6 fxe6 25. Nxe6 Bxe6 26. Rxe6 d3 27. Qh4 Kh7 28. Qf6 Rg8 29. Rce1 Rgg7 30. cxd3 Rdf7 31. Qh4 Rf4 32. R1e5 Qc1+ 33. Kg2 Rgf7 34. Re7 Qc6+ 35. Kg1 Qc1+ 36. Kg2 Qc6+ 37. Re4 Rxf2+ 38. Qxf2 Rxe7 39. Qf3 Rxe4 40. Qf7+ Kh8 41. Qf8+ Kh7 42. Qf7+ 1/2-1/2

[Event "V Open RGCC 2019"]
[Site "Gijon"]
[Date "2019.07.28"]
[Round "9.5"]
[White "Del Rio De Angelis, Salvador G."]
[Black "Tejedor Fuente, Enrique"]
[Result "1/2-1/2"]
[WhiteElo "2464"]
[BlackElo "2442"]
[Annotator "ChessBase"]
[PlyCount "49"]
[EventDate "2019.07.22"]
[EventType "swiss"]
[EventCountry "ESP"]
[SourceTitle "playchess.com"]
[Source "ChessBase"]
[SourceQuality "1"]
[TimeControl "5400+30"]

1. d4 e6 2. c4 d5 3. Nc3 a6 4. e3 Nf6 5. Nf3 dxc4 6. Bxc4 b5 7. Bb3 Bb7 8. O-O Nbd7 9. e4 b4 10. e5 bxc3 11. exf6 Qxf6 12. bxc3 Bxf3 13. Qxf3 Qxf3 14. gxf3 Bd6 15. Ba4 Rb8 16. c4 Rb4 17. Bb3 c5 18. Ba3 Rb7 19. Ba4 Ke7 20. Bc6 Rc7 21. Bxd7 Kxd7 22. Rfd1 Ke7 23. d5 Rb8 24. dxe6 fxe6 25. Rd3 1/2-1/2

[Event "V Open RGCC 2019"]
[Site "Gijon"]
[Date "2019.07.28"]
[Round "9.6"]
[White "Becerra, Juan David"]
[Black "Rios, Cristhian Camilo"]
[Result "0-1"]
[WhiteElo "2327"]
[BlackElo "2520"]
[Annotator "ChessBase"]
[PlyCount "114"]
[EventDate "2019.07.22"]
[EventType "swiss"]
[EventCountry "ESP"]
[SourceTitle "playchess.com"]
[Source "ChessBase"]
[SourceQuality "1"]
[TimeControl "5400+30"]

1. e4 c5 2. Nc3 Nc6 3. g3 g6 4. Bg2 Bg7 5. d3 d6 6. Be3 Nd4 7. Qd2 Qa5 8. f4 e6 9. Nf3 Ne7 10. O-O Nec6 11. Ne1 O-O 12. Nd1 Qa6 13. Rf2 f5 14. Bf1 e5 15. Qc1 Qa5 16. c3 Ne6 17. Nf3 exf4 18. gxf4 c4 19. b4 cxb3 20. axb3 Qc7 21. b4 b6 22. Bg2 Bb7 23. Qb1 fxe4 24. Qa2 exf3 25. Bh3 Ncd8 26. Bxe6+ Nxe6 27. Qxe6+ Kh8 28. Qg4 Qf7 29. Rfa2 Qd5 30. Rd2 a5 31. Bxb6 axb4 32. Rxa8 Bxa8 33. cxb4 Bd4+ 34. Bxd4+ Qxd4+ 35. Nf2 Qxb4 36. Rd1 Bd5 37. f5 Qxg4+ 38. Nxg4 Rxf5 39. Ne3 Rh5 40. Ra1 f2+ 41. Kxf2 Rxh2+ 42. Kg3 Rd2 43. Ra3 Be6 44. Kf4 Kg7 45. Ke4 Ra2 46. Rc3 Ra7 47. d4 h5 48. Rc6 Rd7 49. d5 Bf7 50. Nc4 Re7+ 51. Kd4 Re1 52. Rxd6 h4 53. Rb6 Rd1+ 54. Ke3 h3 55. Rb2 Bxd5 56. Ne5 Re1+ 57. Kf4 Re4+ 0-1

[Event "V Open RGCC 2019"]
[Site "Gijon"]
[Date "2019.07.28"]
[Round "9.7"]
[White "Domingo Nunez, Ruben"]
[Black "Cori T., Deysi"]
[Result "1-0"]
[WhiteElo "2318"]
[BlackElo "2405"]
[Annotator "NA"]
[PlyCount "121"]
[EventDate "2019.07.22"]
[EventType "swiss"]
[EventCountry "ESP"]
[SourceTitle "playchess.com"]
[Source "ChessBase"]
[SourceQuality "1"]
[TimeControl "5400+30"]

1. e4 c5 2. Nf3 e6 3. d4 cxd4 4. Nxd4 Nc6 5. Nc3 a6 6. Be3 Qc7 7. a3 Nf6 8. f4 d6 9. Qf3 Be7 10. O-O-O Bd7 11. Be2 Rc8 12. g4 Nxd4 13. Bxd4 e5 14. Be3 Bxg4 15. Qg2 Bxe2 16. Qxe2 Qc4 17. Qg2 b5 18. Rd3 a5 19. Rhd1 b4 20. b3 Qa6 21. fxe5 dxe5 22. Nd5 Nxd5 23. exd5 O-O 24. d6 Bd8 25. Bh6 g6 26. Bxf8 Kxf8 27. a4 Qb6 28. Kb1 Kg7 29. Rf1 Qc5 30. Rdf3 f6 31. Rd3 e4 32. Rd2 f5 33. d7 Rc6 34. Rfd1 Qc3 35. Rd4 Re6 36. Qe2 Re5 37. Rc4 Qf3 38. Qd2 e3 39. Qd4 Kh6 40. Rc8 e2 41. Qd2+ f4 42. Re1 Rd5 43. Qxe2 Qxe2 44. Rxe2 Rxd7 45. c4 Rd3 46. c5 f3 47. Rb2 Bf6 48. Kc2 Rc3+ 49. Kd1 Bg5 50. Rb1 Bf4 51. Ke1 Rc2 52. Rf8 Kg5 53. Rd1 Kg4 54. Rd4 g5 55. Rc4 Rxh2 56. c6 Rh1+ 57. Kf2 Rh2+ 58. Ke1 Rh1+ 59. Kf2 Rh2+ 60. Ke1 Rh1+ 61. Kf2 1-0